|
|
|
|
| LEADER |
00000cas a2200000 c 4500 |
| 001 |
166780235 |
| 003 |
DE-627 |
| 005 |
20240311204957.0 |
| 007 |
tu |
| 008 |
941029d19461991fr z| p| 0 |0fre c |
| 016 |
7 |
|
|a 011859113
|2 DE-101
|
| 016 |
7 |
|
|a 305444-5
|2 DE-600
|
| 022 |
|
|
|a 0026-5977
|
| 035 |
|
|
|a (DE-627)166780235
|
| 035 |
|
|
|a (DE-576)015223078
|
| 035 |
|
|
|a (DE-599)ZDB305444-5
|
| 035 |
|
|
|a (OCoLC)650484530
|
| 040 |
|
|
|a DE-627
|b ger
|c DE-627
|e rakwb
|
| 041 |
|
|
|a fre
|
| 044 |
|
|
|c XA-FR
|
| 082 |
0 |
4 |
|a 070
|a 230
|q DE-600
|
| 084 |
|
|
|a 1
|2 ssgn
|
| 245 |
0 |
0 |
|a Missi
|b revue missionnaire internationale
|c dir. par des PP. de la Compagnie de Jésus
|
| 264 |
3 |
1 |
|a Lyon [u.a.]
|c 1946-1991
|
| 336 |
|
|
|a Text
|b txt
|2 rdacontent
|
| 337 |
|
|
|a ohne Hilfsmittel zu benutzen
|b n
|2 rdamedia
|
| 338 |
|
|
|a Band
|b nc
|2 rdacarrier
|
| 362 |
0 |
|
|a 11.1946,12 - 532.1991
|
| 363 |
0 |
0 |
|a 11
|b 12
|i 1946
|
| 363 |
1 |
0 |
|i 1991
|
| 515 |
|
|
|a Später mit durchlaufender Nr.-Zählung
|
| 591 |
|
|
|a Kn28!(31-05-06)
|
| 601 |
|
|
|a Internationale
|
| 655 |
|
7 |
|a Zeitschrift
|0 (DE-588)4067488-5
|0 (DE-627)10454466X
|0 (DE-576)20917000X
|2 gnd-content
|
| 710 |
2 |
|
|e Herausgebendes Organ
|0 (DE-588)80092-2
|0 (DE-627)101557310
|0 (DE-576)190497920
|4 isb
|a Jesuiten
|
| 751 |
|
|
|a Lyon
|0 (DE-588)4036770-8
|0 (DE-627)106240978
|0 (DE-576)209020296
|4 dbp
|
| 780 |
0 |
0 |
|i Vorg.
|a Jesuiten
|t Missionnaires de la Compagnie de Jésus
|d Lyon [u.a.], 1942
|w (DE-627)166905895
|w (DE-600)345884-2
|w (DE-576)015347621
|x 0985-326X
|k Non-Electronic
|
| 889 |
|
|
|w (DE-627)1869359534
|
| 935 |
|
|
|a mteo
|
| 951 |
|
|
|a JT
|
| ELC |
|
|
|b 1
|
| ITA |
|
|
|a 1
|t 1
|
| LOK |
|
|
|0 000 xxxxxcy a22 3n 4500
|
| LOK |
|
|
|0 001 2115223055
|
| LOK |
|
|
|0 003 DE-627
|
| LOK |
|
|
|0 004 166780235
|
| LOK |
|
|
|0 005 20130411174729
|
| LOK |
|
|
|0 008 880928||||||||||||||||ger|||||||
|
| LOK |
|
|
|0 035
|a (DE-600)022623116
|
| LOK |
|
|
|0 040
|a DE-21
|c DE-627
|d DE-21
|
| LOK |
|
|
|0 092
|u 100
|
| LOK |
|
|
|0 852
|8 1
|
| LOK |
|
|
|0 852
|a DE-21
|
| LOK |
|
|
|0 852 1
|c Gk II 317.4
|9 00
|
| LOK |
|
|
|0 85900
|8 1.1
|a 18
|i 1953
|
| LOK |
|
|
|0 85910
|8 1.2
|a 20
|i 1955
|
| LOK |
|
|
|0 86630
|a 18.1953 - 20.1955
|
| LOK |
|
|
|0 935
|a theo
|
| LOK |
|
|
|0 939
|a 28-09-88
|b z01
|
| ORI |
|
|
|a SA-MARC-ixtheoa001.raw
|
| REL |
|
|
|a 1
|
| SUB |
|
|
|a REL
|